| 000 | 00316nam a2200121Ia 4500 | ||
|---|---|---|---|
| 008 | 230907s9999||||xx |||||||||||||| ||und|| | ||
| 082 |
_a153.42 _bRUG |
||
| 100 |
_aRuggiero, Vincent Ryan. _9116046 |
||
| 245 | 0 | _aBeyond feelings : | |
| 260 |
_aMcGraw-Hill, _bNew York : _c2012 |
||
| 300 | _axii, 238 p. ; | ||
| 942 | _cBK | ||
| 999 |
_c600892 _d600892 |
||